駅利用者数ランキングTOP100(神奈川県) - Statistics

General Stats
  • This quiz has been taken 719 times
  • The average score is 67 of 100
Answer Stats
駅名 利用者数 % Correct
1 横浜 1962409
100%
4 川崎 374620
99%
5 新横浜 358093
97%
2 武蔵小杉 410467
96%
7 戸塚 273294
95%
3 藤沢 375006
94%
12 大船 206946
93%
20 小田原 164616
93%
18 桜木町 180824
92%
30 平塚 110712
91%
46 東神奈川 67166
91%
32 茅ヶ崎 103016
90%
23 鶴見 139336
89%
8 海老名 267512
88%
24 関内 137475
87%
19 菊名 166718
86%
31 鎌倉 104988
86%
9 日吉 256918
84%
26 本厚木 114922
84%
13 橋本 205590
83%
33 東戸塚 102066
83%
55 保土ヶ谷 57234
83%
6 登戸 304392
82%
11 大和 217780
82%
21 湘南台 157306
82%
28 京急川崎 112923
82%
17 中央林間 184443
81%
25 相模大野 115246
81%
16 上大岡 187647
80%
75 新子安 40962
79%
14 溝の口 191120
78%
29 辻堂 110776
78%
38 みなとみらい 82564
78%
43 金沢八景 72616
78%
53 横須賀中央 58202
78%
62 逗子 50368
78%
10 長津田 235980
77%
22 武蔵溝ノ口 151766
77%
51 金沢文庫 58440
77%
58 相模原 54398
77%
50 元町・中華街 59017
76%
15 あざみ野 188968
75%
27 新百合ヶ丘 112951
74%
49 石川町 59114
73%
35 新杉田 98135
72%
37 綱島 82967
72%
42 センター北 75202
72%
56 港南台 55576
72%
39 センター南 78851
71%
86 磯子 35060
71%
87 秦野 35053
71%
41 二俣川 75949
70%
64 新川崎 49464
70%
34 中山 102047
69%
77 根岸 40002
69%
40 たまプラーザ 77074
67%
71 伊勢原 44098
67%
54 元住吉 57713
66%
83 洋光台 36098
66%
94 山手 32960
66%
84 本郷台 35950
65%
59 武蔵中原 52468
62%
47 武蔵新城 67008
60%
73 馬車道 41286
60%
36 青葉台 96457
59%
52 鷺沼 58430
59%
78 白楽 39922
59%
82 大口 36440
58%
45 鴨居 67336
57%
44 淵野辺 69138
56%
48 羽沢横浜国大 62106
56%
96 鹿島田 32452
53%
66 大倉山 48587
52%
68 稲田堤 45568
52%
81 十日市場 37018
52%
89 京急久里浜 34645
52%
60 向ヶ丘遊園 51916
51%
65 小田急相模原 49416
50%
69 宮前平 45219
50%
67 宮崎台 46625
48%
79 瀬谷 39475
47%
57 鶴ヶ峰 54493
46%
61 三ツ境 50845
44%
72 古淵 43098
44%
63 京王稲田堤 49559
42%
98 長後 31436
41%
88 矢向 34918
40%
91 相武台前 33753
40%
95 東海大学前 32462
40%
74 生田 40976
39%
85 梶が谷 35653
39%
76 愛甲石田 40799
38%
70 弘明寺 44770
37%
80 市が尾 38083
37%
99 江田 31353
37%
90 追浜 33914
35%
93 上永谷 33398
35%
92 さがみ野 33545
34%
97 柿生 31978
33%
100 希望ヶ丘 30850
32%
No matching quizzes found
Score Distribution
Percent of People with Each Score
Percentile by Number Answered
Your Score History
You have not taken this quiz